000 00878nam a2200193 a 4500
008 120823s2007 ||||||||||||||||| || u
020 _a4902325101
050 _aRIHN(058)PR
100 _aUmetsu, Chieko
245 1 0 _aVulnerability and Resilience of Social-Ecological Systems: FY2006 Pre-Research Project Report
_cBy the Research Institute for Humanity and Nature, project Leader Chieko Umetsu
246 _aResilience Project
260 _aKyoto
_bResearch Institute for Humanity and Nature (RIHN)
_c2007
300 _a162p.: ill.
650 _aNATURAL RESOURCES--MANAGEMENT--ZAMBIA
650 _aPOVERTY REDUCTION--ZAMBIA
650 _aSOCIAL ECOLOGY--ZAMBIA
710 _aResearch Institute for Humanity and Nature (RIHN)
995 _FCBU-MAIN LIBRARY (Kitwe)
_M1
_UAVAILABLE
_WAug 30, 2012
_ZInternational Publications
999 _c61399
_d61399